00390nam a2200133Ia 4500008004100000041000800041082002000049100004100069245007200110260003200182300000800214502001700222999001700239230128s9999 xx 000 0 und d aeng aGOV PR0479bGOV aGovardhan Bhakti - 2K1010629118947 aIdentification of Training Needs & Preparation of Training Calendar c2012bPune UniversityaPune a54p cJadhav Geeta c97245d97245